[Event "Leca da Palmeira op 3rd"]
[Site "Leca da Palmeira"]
[Date "2024.08.05"]
[Round "8"]
[White "Sri, Sai Baswanth P"]
[Black "Martin, Julian"]
[Result "1/2-1/2"]
[WhiteElo "2199"]
[BlackElo "2400"]
[PlyCount "68"]
[EventDate "2024.07.31"]
[EventType "swiss"]
[EventRounds "9"]
[EventCountry "POR"]
[SourceTitle "EXT 2025"]
[Source "ChessBase"]
[SourceDate "2024.10.14"]
[SourceVersion "1"]
[SourceVersionDate "2024.10.14"]
[SourceQuality "1"]

1. c4 Nf6 2. g3 e6 3. Bg2 d5 4. Nf3 d4 5. 0-0 c5 6. e3 Nc6 7. exd4 cxd4 8. d3 h6 9. Bf4 Nd7 10. Re1 Bc5 11. Na3 0-0 12. Nc2 a5 13. b3 Re8 14. a3 e5 15. Bd2 Qe7 16. Rb1 Bxa3 17. Nfxd4 Nxd4 18. Nxd4 Nc5 19. Bc3 Bb4 20. Bxb4 axb4 21. Nf3 Bg4 22. d4 Rad8 23. Qc2 Bxf3 24. Rxe5 Qf6 25. Rxe8+ Rxe8 26. dxc5 Re2 27. Qd3 Rxf2 28. Bxf3 Qxf3 29. Qxf3 Rxf3 30. Rd1 Rxb3 31. Rd8+ Kh7 32. Rd7 Rb1+ 33. Kg2 Rc1 34. Rxf7 Rxc4 1/2-1/2

[Event "Leca da Palmeira op 3rd"]
[Site "Leca da Palmeira"]
[Date "2024.07.31"]
[Round "1"]
[White "Martin, Julian"]
[Black "Ferreira, Paulo"]
[Result "1-0"]
[WhiteElo "2400"]
[BlackElo "2035"]
[PlyCount "69"]
[EventDate "2024.07.31"]
[EventType "swiss"]
[EventRounds "9"]
[EventCountry "POR"]
[SourceTitle "EXT 2025"]
[Source "ChessBase"]
[SourceDate "2024.10.14"]
[SourceVersion "1"]
[SourceVersionDate "2024.10.14"]
[SourceQuality "1"]

1. e4 c5 2. Nf3 a6 3. c4 Nc6 4. d4 cxd4 5. Nxd4 e6 6. Nc3 Bc5 7. Nb3 Ba7 8. Be2 Nge7 9. 0-0 0-0 10. c5 b6 11. Be3 bxc5 12. Bxc5 Bxc5 13. Nxc5 Rb8 14. Qd2 Qa5 15. Nb3 Qb4 16. Rfd1 f5 17. Qe3 fxe4 18. Qxe4 d5 19. Qxb4 Rxb4 20. Rac1 a5 21. Rd2 a4 22. Nc5 Rbf4 23. Bb5 a3 24. bxa3 Nd4 25. Bf1 Rg4 26. Kh1 e5 27. Nd3 Rf5 28. h3 Rh4 29. Nxd5 Nec6 30. N3b4 Rg5 31. Rd3 Bf5 32. Rg3 Nxb4 33. Ne7+ Kf7 34. Rxg5 Nxa2 35. Nxf5 1-0

[Event "Andorra op 40th"]
[Site "Escaldes"]
[Date "2024.07.21"]
[Round "2"]
[White "Martin, Julian"]
[Black "Alvarez Albiol, Victor"]
[Result "1/2-1/2"]
[WhiteElo "2400"]
[BlackElo "2094"]
[PlyCount "74"]
[EventDate "2024.07.20"]
[EventType "swiss"]
[EventRounds "9"]
[EventCountry "AND"]
[SourceTitle "CBM 221 Extra"]
[Source "ChessBase"]
[SourceDate "2024.09.30"]
[SourceVersion "1"]
[SourceVersionDate "2024.09.30"]
[SourceQuality "1"]

1. e4 c5 2. Nf3 d6 3. d4 cxd4 4. Nxd4 Nf6 5. Nc3 Nc6 6. Bg5 e6 7. Qd2 a6 8. 0-0-0 Bd7 9. f3 Nxd4 10. Qxd4 Be7 11. Kb1 b5 12. g4 h5 13. gxh5 Rxh5 14. h4 Qc7 15. f4 Bc6 16. Be2 Rh8 17. h5 Qa7 18. Bxf6 gxf6 19. Rhf1 b4 20. Qxb4 d5 21. Qd4 Qxd4 22. Rxd4 Bc5 23. Ra4 Bxa4 24. Nxa4 Bd4 25. exd5 exd5 26. Rd1 Be3 27. Rxd5 Bxf4 28. Nc5 a5 29. Bb5+ Ke7 30. Nd3 Bg5 31. Rd7+ Kf8 32. c4 Rxh5 33. c5 Be3 34. Bc4 Bxc5 35. Rxf7+ Ke8 36. Rxf6 Rh1+ 37. Kc2 Bd4 1/2-1/2

[Event "Teplice op 17th"]
[Site "Teplice"]
[Date "2024.06.17"]
[Round "3"]
[White "Martin, Julian"]
[Black "Vocaturo, Daniele"]
[Result "1-0"]
[WhiteElo "2402"]
[BlackElo "2629"]
[PlyCount "131"]
[EventDate "2024.06.15"]
[EventType "swiss"]
[EventRounds "9"]
[EventCountry "CZE"]
[SourceTitle "CBM 220 Extra"]
[Source "ChessBase"]
[SourceDate "2024.07.31"]
[SourceVersion "1"]
[SourceVersionDate "2024.07.31"]
[SourceQuality "1"]

1. e4 c5 2. Nf3 d6 3. d4 cxd4 4. Nxd4 Nf6 5. Nc3 a6 6. Be3 e5 7. Nb3 Be6 8. f3 Nbd7 9. Qd2 b5 10. 0-0-0 Rc8 11. g4 Nb6 12. Kb1 Be7 13. g5 Nh5 14. Qf2 Nc4 15. Bxc4 bxc4 16. Nc5 0-0 17. h4 Qc7 18. N5a4 Qb7 19. Nb6 Rb8 20. a4 f5 21. gxf6 Rxf6 22. Ncd5 Rf7 23. Nxe7+ Qxe7 24. Qd2 Rxf3 25. Rhe1 Nf4 26. Qxd6 Qxd6 27. Rxd6 Ng2 28. Rg1 Bh3 29. Bc5 c3 30. b4 Nxh4 31. Nd5 Rf1+ 32. Rxf1 Bxf1 33. Nxc3 Nf3 34. Kc1 h5 35. Nd5 Ng5 36. Ne3 Nxe4 37. Nxf1 Nxd6 38. Bxd6 Rb6 39. Bc5 Rf6 40. Ne3 h4 41. b5 axb5 42. axb5 h3 43. Ng4 Rf4 44. Nh2 Rc4 45. Bd6 Rd4 46. Bc7 Kf7 47. b6 Rb4 48. c3 Rb5 49. c4 Rb4 50. c5 Ke6 51. c6 Kd5 52. b7 Kxc6 53. b8Q Rxb8 54. Bxb8 Kd5 55. Kd2 Ke4 56. Ke2 g5 57. Ng4 Kf4 58. Nxe5 Kg3 59. Nf3+ Kg2 60. Nh2 Kg1 61. Kf3 g4+ 62. Kg3 Kh1 63. Bc7 Kg1 64. Bb6+ Kh1 65. Nf1 h2 66. Kf2 1-0

[Event "Teplice op 17th"]
[Site "Teplice"]
[Date "2024.06.15"]
[Round "1"]
[White "Martin, Julian"]
[Black "Andersen, Lars Christoff"]
[Result "1-0"]
[WhiteElo "2402"]
[BlackElo "1983"]
[PlyCount "75"]
[EventDate "2024.06.15"]
[EventType "swiss"]
[EventRounds "9"]
[EventCountry "CZE"]
[SourceTitle "CBM 220 Extra"]
[Source "ChessBase"]
[SourceDate "2024.07.31"]
[SourceVersion "1"]
[SourceVersionDate "2024.07.31"]
[SourceQuality "1"]

1. e4 e6 2. d4 d5 3. Nc3 Nf6 4. Bg5 Be7 5. e5 Nfd7 6. h4 Nc6 7. Qd2 h6 8. Bxe7 Qxe7 9. f4 Nb6 10. b3 Bd7 11. h5 a6 12. a4 a5 13. Rh3 Nb4 14. Nb5 0-0 15. Nxc7 Rac8 16. c3 Rxc7 17. cxb4 Rfc8 18. Bd3 axb4 19. Ne2 Nc4 20. bxc4 dxc4 21. Be4 c3 22. Qc2 Bc6 23. Bxc6 Rxc6 24. Nc1 Rc4 25. Nb3 f6 26. Rg3 fxe5 27. fxe5 Qf7 28. Qg6 Rf8 29. Qxf7+ Rxf7 30. Rf3 Rd7 31. 0-0-0 b6 32. Kc2 Ra7 33. d5 Rg4 34. g3 exd5 35. Rxd5 g6 36. e6 gxh5 37. Rd8+ Kg7 38. Rd7+ 1-0

[Event "BL2-Sued 2324"]
[Site "Germany"]
[Date "2024.03.16"]
[Round "9.2"]
[White "Dobrikov, Marco"]
[Black "Martin, Julian"]
[Result "0-1"]
[WhiteElo "2252"]
[BlackElo "2413"]
[PlyCount "44"]
[EventDate "2023.10.21"]
[EventType "team-tourn"]
[EventRounds "10"]
[EventCountry "GER"]
[SourceTitle "EXT 2025"]
[Source "ChessBase"]
[SourceDate "2024.10.14"]
[SourceVersion "1"]
[SourceVersionDate "2024.10.14"]
[SourceQuality "1"]
[WhiteTeam "Viernheim II"]
[BlackTeam "Baden-Baden II"]
[WhiteTeamCountry "GER"]
[BlackTeamCountry "GER"]

1. d4 Nf6 2. c4 e6 3. Nf3 d5 4. Nc3 dxc4 5. e3 a6 6. a4 b6 7. Bxc4 Bb7 8. 0-0 Bb4 9. Qb3 Qe7 10. Ne5 0-0 11. Bd2 Nc6 12. Nxc6 Bxc6 13. Nd5 exd5 14. Bxb4 dxc4 15. Bxe7 cxb3 16. Bxf8 Kxf8 17. Rfc1 Be4 18. Rxc7 Nd5 19. Rc4 a5 20. Rc6 Rb8 21. f3 Bc2 22. Rc1 Nxe3 0-1

[Event "BL2-Sued 2324"]
[Site "Germany"]
[Date "2024.02.24"]
[Round "7.3"]
[White "Martin, Julian"]
[Black "Iermito, Sebastian"]
[Result "1/2-1/2"]
[WhiteElo "2413"]
[BlackElo "2504"]
[PlyCount "46"]
[EventDate "2023.10.21"]
[EventType "team-tourn"]
[EventRounds "10"]
[EventCountry "GER"]
[SourceTitle "EXT 2025"]
[Source "ChessBase"]
[SourceDate "2024.10.14"]
[SourceVersion "1"]
[SourceVersionDate "2024.10.14"]
[SourceQuality "1"]
[WhiteTeam "Baden-Baden II"]
[BlackTeam "Schoenaich"]
[WhiteTeamCountry "GER"]
[BlackTeamCountry "GER"]

1. e4 e5 2. Nf3 Nc6 3. Nc3 Nf6 4. Bb5 Nd4 5. Bc4 Bc5 6. Nxe5 Qe7 7. Nf3 d5 8. Bxd5 Bg4 9. d3 0-0-0 10. Be3 Nxd5 11. Nxd5 Rxd5 12. exd5 Re8 13. c3 Nxf3+ 14. gxf3 Qh4 15. Kd2 Rxe3 16. fxe3 Qf2+ 17. Kc1 Bxe3+ 18. Kb1 Bxf3 19. Qe1 Bxh1 20. Qxh1 Qd2 21. a4 Qxd3+ 22. Ka2 Qc4+ 23. Kb1 Qd3+ 1/2-1/2

[Event "Skopje op-A"]
[Site "Skopje"]
[Date "2023.12.11"]
[Round "8"]
[White "Martin, Julian"]
[Black "Djukic, Sandra"]
[Result "1-0"]
[WhiteElo "2423"]
[BlackElo "2136"]
[PlyCount "71"]
[EventDate "2023.12.06"]
[EventType "swiss"]
[EventRounds "9"]
[EventCountry "MKD"]
[SourceTitle "EXT 2025"]
[Source "ChessBase"]
[SourceDate "2024.10.14"]
[SourceVersion "1"]
[SourceVersionDate "2024.10.14"]
[SourceQuality "1"]

1. e4 d6 2. d4 Nf6 3. Nc3 e5 4. Nge2 Be7 5. g3 Bg4 6. Bg2 exd4 7. Qxd4 Nc6 8. Qd1 Qd7 9. h3 Be6 10. Nf4 Bc4 11. b3 Ba6 12. Bb2 0-0 13. Qd2 Ne5 14. Nfd5 Ng6 15. Nxe7+ Qxe7 16. 0-0-0 Rfd8 17. h4 h6 18. h5 Nf8 19. g4 c6 20. g5 hxg5 21. Qxg5 N8h7 22. Qg3 Qe5 23. Qf3 Ng5 24. Qe3 Ng4 25. Qd2 Ne6 26. Bh3 Nf6 27. Bxe6 Qxe6 28. h6 Kf8 29. hxg7+ Ke7 30. Rh6 Qg4 31. f4 Qxg7 32. Rxf6 Qxf6 33. Nd5+ cxd5 34. Bxf6+ Kxf6 35. Qxd5 Ke7 36. Qg5+ 1-0

[Event "Skopje op-A"]
[Site "Skopje"]
[Date "2023.12.09"]
[Round "5"]
[White "Kesidis, Odyseas"]
[Black "Martin, Julian"]
[Result "1-0"]
[WhiteElo "2282"]
[BlackElo "2423"]
[PlyCount "93"]
[EventDate "2023.12.06"]
[EventType "swiss"]
[EventRounds "9"]
[EventCountry "MKD"]
[SourceTitle "CBM 217 Extra"]
[Source "ChessBase"]
[SourceDate "2024.01.31"]
[SourceVersion "1"]
[SourceVersionDate "2024.01.31"]
[SourceQuality "1"]

1. e4 c5 2. Nf3 d6 3. Bb5+ Nd7 4. c3 Ngf6 5. Qe2 a6 6. Ba4 b5 7. Bc2 Bb7 8. d4 e6 9. 0-0 Be7 10. Re1 e5 11. d5 c4 12. Nbd2 Rc8 13. Nf1 g6 14. Ng3 h5 15. h3 h4 16. Nf1 Nh5 17. N1h2 g5 18. Be3 Nf4 19. Qd2 Qc7 20. g3 Nxh3+ 21. Kg2 Nf6 22. Nxg5 Qd7 23. Nhf3 Nxg5 24. Nxg5 Ng4 25. Rh1 Rg8 26. Nf3 hxg3 27. fxg3 f5 28. Rh7 Nf6 29. Rah1 f4 30. Bf2 Nxh7 31. Rxh7 Rd8 32. Bd1 Bc8 33. Nxe5 Rxg3+ 34. Bxg3 dxe5 35. Bxf4 Qd6 36. Bh5+ Kd7 37. Rh6 Rg8+ 38. Kh2 Bf6 39. Bf7 Rg7 40. Be6+ Ke7 41. Be3 Bxe6 42. Qf2 Kd7 43. Qxf6 Re7 44. dxe6+ Kc6 45. Qf8 Kc7 46. Rh8 Qxe6 47. Qb8+ 1-0

[Event "BL2-Sued 2324"]
[Site "Germany"]
[Date "2023.12.03"]
[Round "4.3"]
[White "Martin, Julian"]
[Black "Cicak, Slavko"]
[Result "0-1"]
[WhiteElo "2413"]
[BlackElo "2487"]
[PlyCount "36"]
[EventDate "2023.10.21"]
[EventType "team-tourn"]
[EventRounds "10"]
[EventCountry "GER"]
[SourceTitle "EXT 2025"]
[Source "ChessBase"]
[SourceDate "2024.10.14"]
[SourceVersion "1"]
[SourceVersionDate "2024.10.14"]
[SourceQuality "1"]
[WhiteTeam "Baden-Baden II"]
[BlackTeam "Schott Mainz"]
[WhiteTeamCountry "GER"]
[BlackTeamCountry "GER"]

1. e4 e6 2. d4 d5 3. Nd2 dxe4 4. Nxe4 Bd7 5. Nf3 Bc6 6. Ned2 Nd7 7. b3 Ngf6 8. Bb2 Be7 9. Bd3 0-0 10. Ne5 Nxe5 11. dxe5 Nd5 12. Be4 Bb4 13. Qc1 Nf4 14. Bxc6 bxc6 15. Kd1 Qg5 16. g3 Qh5+ 17. f3 Rad8 18. c3 Qxf3+ 0-1

[Event "Spilimbergo op 21st"]
[Site "Spilimbergo"]
[Date "2023.08.15"]
[Round "9"]
[White "Schneider, Jana"]
[Black "Martin, Julian"]
[Result "0-1"]
[WhiteElo "2281"]
[BlackElo "2407"]
[PlyCount "150"]
[EventDate "2023.08.09"]
[EventType "swiss"]
[EventRounds "9"]
[EventCountry "ITA"]
[SourceTitle "CBM 215 Extra"]
[Source "ChessBase"]
[SourceDate "2023.09.30"]
[SourceVersion "1"]
[SourceVersionDate "2023.09.30"]
[SourceQuality "1"]

1. e4 c5 2. Nf3 d6 3. d4 cxd4 4. Nxd4 Nf6 5. Nc3 a6 6. Be2 e5 7. Nb3 Be7 8. Be3 Be6 9. 0-0 0-0 10. Qd2 Nbd7 11. a4 Nb6 12. a5 Nc4 13. Bxc4 Bxc4 14. Rfd1 h6 15. Nc1 Qc8 16. f3 d5 17. exd5 Nxd5 18. Nxd5 Bxd5 19. Nd3 Rd8 20. Bb6 Re8 21. Qf2 e4 22. Nc5 Bxc5 23. Qxc5 Bc6 24. fxe4 Qg4 25. Qf5 Qxf5 26. exf5 Re2 27. Bf2 Rxc2 28. b4 Re8 29. Rd4 Re4 30. Rxe4 Bxe4 31. Re1 Bxf5 32. Re8+ Kh7 33. Re7 Be6 34. h4 Bd5 35. Rd7 Rd2 36. h5 f6 37. g4 Kg8 38. Rd8+ Kf7 39. Rd7+ Kf8 40. Bc5+ Kg8 41. Rd8+ Kh7 42. Bf2 Rd1+ 43. Kh2 Rh1+ 44. Kg3 Bc6 45. Bc5 Rf1 46. Bf2 Rb1 47. Rd4 Rb3+ 48. Kh4 Rf3 49. Bg3 Rf1 50. Rd2 Rc1 51. Rf2 Rd1 52. Bc7 Rd3 53. Bg3 Kg8 54. Rf4 Kf7 55. Bf2 Ke6 56. Rd4 Rf3 57. Bg3 Rf1 58. Rd6+ Ke7 59. Rd2 Rb1 60. Kh3 Bd7 61. Bd6+ Kf7 62. Rd4 f5 63. gxf5 Bxf5+ 64. Kg3 Rh1 65. Rh4 Rg1+ 66. Kf4 Be6 67. Bc5 Rg5 68. Be3 Kg8 69. Kf3 Rd5 70. Rh2 Bf7 71. Kg4 Re5 72. Bf4 Re4 73. Kf5 Rxb4 74. Rg2 Bxh5 75. Bxh6 Bg4+ 0-1

[Event "BL2-Sued 2223"]
[Site "Germany"]
[Date "2023.03.18"]
[Round "9.2"]
[White "Martin, Julian"]
[Black "Muckle, Julius"]
[Result "1-0"]
[WhiteElo "2396"]
[BlackElo "2401"]
[PlyCount "121"]
[EventDate "2022.10.22"]
[EventType "team-tourn"]
[EventRounds "9"]
[EventCountry "GER"]
[SourceTitle "EXT 2024"]
[Source "ChessBase"]
[SourceDate "2023.10.10"]
[SourceVersion "1"]
[SourceVersionDate "2023.10.10"]
[SourceQuality "1"]
[WhiteTeam "Baden-Baden II"]
[BlackTeam "Walldorf"]
[WhiteTeamCountry "GER"]
[BlackTeamCountry "GER"]

1. e4 e6 2. d4 d5 3. Nd2 Nf6 4. e5 Nfd7 5. Bd3 c5 6. c3 Nc6 7. Ne2 cxd4 8. cxd4 f6 9. exf6 Nxf6 10. Nf3 Bd6 11. 0-0 0-0 12. Bf4 Bxf4 13. Nxf4 Ne4 14. Qc1 Ng5 15. Nxg5 Qxg5 16. Bxh7+ Kxh7 17. Nxe6 Qf5 18. Nxf8+ Qxf8 19. Qg5 Qf5 20. Qh4+ Kg8 21. Rae1 Bd7 22. Re3 Qg4 23. Qxg4 Bxg4 24. f3 Bd7 25. Rd1 Kf7 26. h4 Rh8 27. g3 Kf6 28. a3 Na5 29. Re5 Nc4 30. Re2 Nd6 31. Kf2 Nf5 32. g4 Nxh4 33. Re5 Ng6 34. Rxd5 Ke6 35. Rg5 Kf6 36. Rd5 Ke6 37. Rf5 Rh2+ 38. Kg3 Rxb2 39. Re1+ Kd6 40. Rg5 Nf8 41. Rxg7 Ne6 42. Rg6 Rb3 43. g5 Rd3 44. Rf6 Ke7 45. Re5 Rxd4 46. f4 Rd3+ 47. Kg4 Rd4 48. Re3 Kd6 49. g6 Ke7 50. Rf7+ Kd6 51. Kg3 Rd1 52. Kf2 Rd2+ 53. Ke1 Rg2 54. Rd3+ Kc6 55. Rdxd7 Nxf4 56. g7 Nh5 57. Rc7+ Kd6 58. Rxb7 a5 59. Ra7 Ke6 60. Rfb7 Kf6 61. Rb6+ 1-0

[Event "BL2-Sued 2223"]
[Site "Germany"]
[Date "2023.02.25"]
[Round "7.3"]
[White "Martin, Julian"]
[Black "Stijve, Theo"]
[Result "1-0"]
[WhiteElo "2396"]
[BlackElo "2356"]
[PlyCount "91"]
[EventDate "2022.10.22"]
[EventType "team-tourn"]
[EventRounds "9"]
[EventCountry "GER"]
[SourceTitle "EXT 2024"]
[Source "ChessBase"]
[SourceDate "2023.10.10"]
[SourceVersion "1"]
[SourceVersionDate "2023.10.10"]
[SourceQuality "1"]
[WhiteTeam "Baden-Baden II"]
[BlackTeam "Heilbronn"]
[WhiteTeamCountry "GER"]
[BlackTeamCountry "GER"]

1. e4 e5 2. Nf3 Nc6 3. Nc3 Nf6 4. Bb5 Bd6 5. d3 h6 6. a3 a6 7. Bc4 Bc5 8. Be3 d6 9. Ne2 Bg4 10. Qd2 Nh5 11. 0-0-0 Qf6 12. Nfg1 Nf4 13. Bxc5 dxc5 14. Nxf4 exf4 15. f3 Be6 16. Ne2 g5 17. Nc3 0-0-0 18. Nd5 Qe5 19. c3 Na5 20. Ba2 c6 21. c4 cxd5 22. exd5 Nc6 23. dxc6 b6 24. Rhe1 Qd6 25. Qc3 Qxc6 26. Re4 Qd6 27. Bb1 Rhg8 28. Bc2 g4 29. Qf6 gxf3 30. gxf3 Rg2 31. Qxh6 Rdg8 32. Rd2 Rg1+ 33. Bd1 Rh1 34. Qxf4 Qd7 35. b3 Rgg1 36. d4 f5 37. Re3 cxd4 38. Red3 Qe7 39. Kb2 Qg7 40. Qd6 Bd7 41. Qxb6 Rg2 42. Qxa6+ Kc7 43. Qa5+ Kc8 44. Rxg2 Qxg2+ 45. Rd2 Qg7 46. Qc5+ 1-0

[Event "Staufer op 33rd"]
[Site "Schwaebisch Gmuend"]
[Date "2023.01.05"]
[Round "7"]
[White "Degenhard, Simon"]
[Black "Martin, Julian"]
[Result "1-0"]
[WhiteElo "2168"]
[BlackElo "2390"]
[PlyCount "93"]
[EventDate "2023.01.02"]
[EventType "swiss"]
[EventRounds "9"]
[EventCountry "GER"]
[SourceTitle "CBM 212 Extra"]
[Source "ChessBase"]
[SourceDate "2023.03.31"]
[SourceVersion "1"]
[SourceVersionDate "2023.03.31"]
[SourceQuality "1"]

1. e4 c5 2. Nf3 d6 3. Bb5+ Nd7 4. 0-0 Ngf6 5. Re1 a6 6. Bf1 b5 7. c4 Bb7 8. cxb5 Bxe4 9. bxa6 e6 10. Nc3 d5 11. Nxe4 Nxe4 12. d4 Bd6 13. Bd3 Nef6 14. dxc5 Bxc5 15. Bf4 0-0 16. a3 Qb6 17. Qd2 Ng4 18. Bg3 Bd6 19. b4 Bxg3 20. hxg3 g6 21. Bf1 e5 22. a4 e4 23. Nd4 Nde5 24. b5 Qf6 25. Qf4 Qg7 26. Be2 h5 27. Rac1 Rfe8 28. Nc6 Re6 29. Nxe5 Nxe5 30. a5 d4 31. Qxe4 Rae8 32. Qb1 h4 33. gxh4 Qf6 34. b6 d3 35. b7 dxe2 36. b8Q Rxb8 37. Qxb8+ Kh7 38. a7 Nd3 39. Qg3 Nxe1 40. a8Q Nc2 41. Qaf3 Qe7 42. Qgf4 Kg8 43. Qc3 e1Q+ 44. Rxe1 Nxe1 45. Qb8+ Qe8 46. Qxe8+ Rxe8 47. Kf1 1-0

[Event "Staufer op 33rd"]
[Site "Schwaebisch Gmuend"]
[Date "2023.01.03"]
[Round "4"]
[White "Martin, Julian"]
[Black "Hausrath, Daniel"]
[Result "1/2-1/2"]
[WhiteElo "2390"]
[BlackElo "2469"]
[PlyCount "34"]
[EventDate "2023.01.02"]
[EventType "swiss"]
[EventRounds "9"]
[EventCountry "GER"]
[SourceTitle "CBM 212 Extra"]
[Source "ChessBase"]
[SourceDate "2023.03.31"]
[SourceVersion "1"]
[SourceVersionDate "2023.03.31"]
[SourceQuality "1"]

1. e4 c5 2. Nf3 Nc6 3. d4 cxd4 4. Nxd4 g6 5. c4 Bg7 6. Be3 Nf6 7. Nc3 0-0 8. Be2 d6 9. 0-0 Bd7 10. h3 Nxd4 11. Bxd4 Bc6 12. Qc2 a5 13. Rad1 Qc7 14. b3 Nd7 15. Bxg7 Kxg7 16. a3 Nf6 17. Rfe1 Rfe8 1/2-1/2

[Event "BL2-Sued 2223"]
[Site "Germany"]
[Date "2022.11.26"]
[Round "3.1"]
[White "Bernadskiy, Vitaliy"]
[Black "Martin, Julian"]
[Result "1-0"]
[WhiteElo "2615"]
[BlackElo "2396"]
[PlyCount "109"]
[EventDate "2022.10.22"]
[EventType "team-tourn"]
[EventRounds "9"]
[EventCountry "GER"]
[SourceTitle "EXT 2024"]
[Source "ChessBase"]
[SourceDate "2023.10.10"]
[SourceVersion "1"]
[SourceVersionDate "2023.10.10"]
[SourceQuality "1"]
[WhiteTeam "Hofheim"]
[BlackTeam "Baden-Baden II"]
[WhiteTeamCountry "GER"]
[BlackTeamCountry "GER"]

1. c4 Nf6 2. Nf3 e6 3. g3 d5 4. Bg2 d4 5. 0-0 c5 6. e3 Nc6 7. exd4 cxd4 8. d3 Bd6 9. a3 a5 10. Bg5 h6 11. Bxf6 Qxf6 12. Nbd2 Qe7 13. Re1 0-0 14. Nh4 Rd8 15. Nf5 Qf8 16. Nxd6 Qxd6 17. Ne4 Qf8 18. c5 Bd7 19. Rc1 Rab8 20. Qb3 Ne7 21. Nd6 Bc6 22. Nc4 a4 23. Qd1 Nd5 24. Ne5 Bb5 25. Qd2 Rbc8 26. Qa5 Qe8 27. Bh3 Rc7 28. Bg2 Ra8 29. Qd2 Qd8 30. Rc2 Rac8 31. Qa5 Be8 32. Rc4 Ra8 33. Qd2 Rac8 34. Rec1 Bb5 35. R4c2 Be8 36. h4 Qf6 37. Ng4 Qd8 38. Rc4 Nf6 39. Nxf6+ Qxf6 40. Qb4 Qe5 41. Qb6 Bc6 42. Bxc6 Rxc6 43. Qxb7 Rxc5 44. Qxc8+ Rxc8 45. Rxc8+ Kh7 46. R1c7 Kg6 47. Rd7 Qe1+ 48. Kg2 e5 49. Re8 Qa5 50. Ree7 Qb5 51. Rxf7 Qxd3 52. h5+ Kg5 53. Rde7 Qe4+ 54. Kh2 g6 55. Rxe5+ 1-0

[Event "BL2-Sued 2223"]
[Site "Germany"]
[Date "2022.11.25"]
[Round "6.2"]
[White "Martin, Julian"]
[Black "Van den Doel, Erik"]
[Result "0-1"]
[WhiteElo "2396"]
[BlackElo "2577"]
[PlyCount "110"]
[EventDate "2022.10.22"]
[EventType "team-tourn"]
[EventRounds "9"]
[EventCountry "GER"]
[SourceTitle "EXT 2024"]
[Source "ChessBase"]
[SourceDate "2023.10.10"]
[SourceVersion "1"]
[SourceVersionDate "2023.10.10"]
[SourceQuality "1"]
[WhiteTeam "Baden-Baden II"]
[BlackTeam "Oetigheim"]
[WhiteTeamCountry "GER"]
[BlackTeamCountry "GER"]

1. e4 e5 2. Nf3 Nc6 3. Nc3 Nf6 4. Bb5 Bd6 5. a3 a6 6. Bc4 Bc5 7. d3 d6 8. h3 Ne7 9. Bg5 Ng6 10. Nh4 Nxh4 11. Bxh4 h6 12. Qe2 c6 13. Bb3 Be6 14. Bxe6 fxe6 15. f4 Bd4 16. fxe5 Bxe5 17. Bf2 c5 18. Nd1 0-0 19. c3 Qb6 20. 0-0 Nd7 21. Ne3 Qc6 22. Ng4 Bf4 23. Be3 Bxe3+ 24. Qxe3 Rxf1+ 25. Rxf1 Rf8 26. Rxf8+ Nxf8 27. Qg3 Kh7 28. Qf4 Kg8 29. Qg3 Kf7 30. Ne3 b5 31. Qf4+ Kg8 32. Ng4 Ng6 33. Qg3 Kh7 34. h4 c4 35. h5 Qc5+ 36. Ne3 Qxh5 37. dxc4 bxc4 38. Qxd6 Qe2 39. Qg3 Qxb2 40. Nxc4 Qb1+ 41. Kh2 Qxe4 42. Nd6 Qd5 43. c4 Qd4 44. Nf7 e5 45. Qf3 Qh4+ 46. Kg1 e4 47. Qf2 Qe7 48. Qf5 e3 49. Kf1 Qxa3 50. Ke2 Qc3 51. Qd3 Qf6 52. Nd6 Qf2+ 53. Kd1 a5 54. c5 Qg1+ 55. Ke2 Qxg2+ 0-1

[Event "Bayern-chI Bank Hofmann 25th"]
[Site "Tegernsee"]
[Date "2022.11.11"]
[Round "7"]
[White "Martin, Julian"]
[Black "Paprocki, Antoni"]
[Result "1-0"]
[WhiteElo "2396"]
[BlackElo "2172"]
[PlyCount "117"]
[EventDate "2022.11.05"]
[EventType "swiss"]
[EventRounds "9"]
[EventCountry "GER"]
[SourceTitle "CBM 211 Extra"]
[Source "ChessBase"]
[SourceDate "2023.01.31"]
[SourceVersion "1"]
[SourceVersionDate "2023.01.31"]
[SourceQuality "1"]

1. e4 e5 2. Nf3 Nc6 3. Bb5 a6 4. Ba4 Nf6 5. 0-0 Be7 6. Re1 b5 7. Bb3 d6 8. a4 Bd7 9. c3 0-0 10. d4 h6 11. Nbd2 Re8 12. Nf1 Bf8 13. Ng3 Na5 14. Bc2 c5 15. Qd3 Qc7 16. b4 cxb4 17. cxb4 Rec8 18. Ra2 Nc4 19. a5 Qa7 20. d5 Rc7 21. Bb3 Rac8 22. Rc2 g6 23. h3 Bg7 24. Nh2 Kh7 25. Nhf1 Ng8 26. Rd1 Ne7 27. Ne3 Nxe3 28. Bxe3 Qb8 29. Rb2 f5 30. Bb6 Rb7 31. Rbb1 f4 32. Nf1 Rf8 33. Nh2 Nc8 34. Bc5 dxc5 35. bxc5 Rd8 36. Rbc1 Be8 37. Nf3 Qc7 38. d6 Qxa5 39. Nxe5 Bxe5 40. Qd5 Rg7 41. Qxe5 Bc6 42. Qf6 Re8 43. e5 Qa3 44. Bf7 Rxe5 45. Qxe5 Rxf7 46. Qe6 Rd7 47. Qe8 Na7 48. Qf8 Qb3 49. Re1 Qf7 50. Re7 Rxe7 51. dxe7 Qd5 52. f3 Qe6 53. Kh2 Nc8 54. Ra1 Bd7 55. c6 Qxc6 56. Rd1 Nd6 57. Qd8 Be8 58. Rxd6 Qc5 59. Qxe8 1-0

[Event "BL2-Sued 2122"]
[Site "Germany"]
[Date "2022.07.02"]
[Round "9.4"]
[White "Martin, Julian"]
[Black "Kovacs, Gabor H"]
[Result "1-0"]
[WhiteElo "2372"]
[BlackElo "2426"]
[PlyCount "93"]
[EventDate "2022.03.05"]
[EventType "team-tourn"]
[EventRounds "10"]
[EventCountry "GER"]
[SourceTitle "EXT 2023"]
[Source "ChessBase"]
[SourceDate "2022.10.05"]
[SourceVersion "1"]
[SourceVersionDate "2022.10.05"]
[SourceQuality "1"]
[WhiteTeam "Baden-Baden II"]
[BlackTeam "Speyer Schwegenheim"]
[WhiteTeamCountry "GER"]
[BlackTeamCountry "GER"]

1. e4 e5 2. Nf3 Nf6 3. Nc3 Nc6 4. Bb5 Nd4 5. Bc4 Nxf3+ 6. gxf3 d6 7. d4 Qe7 8. Be3 a6 9. Qe2 Be6 10. 0-0-0 g6 11. f4 exf4 12. Bxf4 Nh5 13. Be3 Bg7 14. f4 Bh6 15. Bxe6 fxe6 16. f5 Bxe3+ 17. Qxe3 0-0 18. fxg6 hxg6 19. Rhg1 Kh7 20. Rg4 Rg8 21. e5 d5 22. Ne2 Qf8 23. Kb1 Qh6 24. Qc3 Rg7 25. Ng1 Re7 26. Nf3 Rae8 27. Rdg1 Rg7 28. Ng5+ Kh8 29. a4 Rge7 30. Nf3 Kh7 31. Rxg6 Qxg6 32. Rxg6 Kxg6 33. Qe3 Rh8 34. Nh4+ Kf7 35. Qf3+ Kg8 36. Ng6 Rf7 37. Qg4 Rh6 38. Nh4+ Ng7 39. Nf3 Rf5 40. h4 Rfh5 41. Qg2 Rf5 42. Qg4 Kf8 43. Ng5 Rg6 44. Qh3 Rh6 45. Qc3 Rxh4 46. Qxc7 Rxg5 47. Qd8+ 1-0